000 00544cam a2200205ua 4500
001 3565
005 20260515113711.0
008 111121n ii |||gr||||Z||||||eng
020 _a81-85047-30-8
040 _cMAIN
082 _a352.293
100 _aKohli, A. B.,
245 1 1 _aDirectory of union ministers 1947-1987
_cby A. B. Kohli
250 _a1st.
260 _aNew Delhi:
_bReliance publishing house,988.
300 _a136p:
_c23cm.
653 _aPolitical science
653 _aDirectory of union ministers 1947-1987
942 _cBK
999 _c3404
_d3404